SWASTHYA KATHA (Record no. 11265)
[ view plain ]
| 000 -LEADER | |
|---|---|
| fixed length control field | 00479cam a2200193ua 4500 |
| 008 - FIXED-LENGTH DATA ELEMENTS--GENERAL INFORMATION | |
| fixed length control field | 190302n2001 II |||gr||||Z||||||asm |
| 040 ## - CATALOGING SOURCE | |
| Original cataloging agency | MAIN |
| 041 ## - LANGUAGE CODE | |
| -- | English |
| 082 ## - DEWEY DECIMAL CLASSIFICATION NUMBER | |
| Classification number | 613 GOS |
| 082 ## - DEWEY DECIMAL CLASSIFICATION NUMBER | |
| Classification number | 640 GOS |
| 100 ## - MAIN ENTRY--PERSONAL NAME | |
| Personal name | GOSWAMI, MIHIR KUMAR. |
| 245 ## - TITLE STATEMENT | |
| Title | SWASTHYA KATHA |
| 260 ## - PUBLICATION, DISTRIBUTION, ETC. | |
| Place of publication, distribution, etc. | GUWAHATI: |
| Name of publisher, distributor, etc. | NABJEEVAN PRAKASHAN, |
| Date of publication, distribution, etc. | 2001. |
| 300 ## - PHYSICAL DESCRIPTION | |
| Extent | 151.: |
| Dimensions | 22 CM. |
| 700 ## - ADDED ENTRY--PERSONAL NAME | |
| Personal name | GOSWAMI, MIHIR KUMAR., |
| Relator term | AUTHOR. |
| 942 ## - ADDED ENTRY ELEMENTS (KOHA) | |
| Koha item type | Books |
| 653 ## - INDEX TERM--UNCONTROLLED | |
| Uncontrolled term | Personal health & safety |
| Withdrawn status | Lost status | Damaged status | Not for loan | Collection code | Home library | Current library | Shelving location | Date acquired | Full call number | Barcode | Date last seen | Copy number | Price effective from | Koha item type | Public note | Total Checkouts | Date last checked out |
|---|---|---|---|---|---|---|---|---|---|---|---|---|---|---|---|---|---|
| REFHMSC | Central Library and Information Centre Sibsagar Girls College | Central Library and Information Centre Sibsagar Girls College | Home Science Rack | 18.03.1987 | 613 GOS | 09604 | 27.02.2020 | 1 | 27.02.2020 | Books | |||||||
| REFHMSC | Central Library and Information Centre Sibsagar Girls College | Central Library and Information Centre Sibsagar Girls College | HOMESCIENCE BOOK RACK | 24.04.2002 | 640 GOS | 17541 | 27.02.2020 | 1 | 27.02.2020 | Books | V | ||||||
| REFHMSC | Central Library and Information Centre Sibsagar Girls College | Central Library and Information Centre Sibsagar Girls College | HOMESCIENCE BOOK RACK | 24.04.2002 | 640 GOS | 17542 | 21.10.2024 | 2 | 27.02.2020 | Books | V | 1 | 03.10.2024 |